| 000 | 00986nam a22002057a 4500 | ||
|---|---|---|---|
| 999 |
_c6519 _d6519 |
||
| 003 | AR-CdUCM | ||
| 008 | 190318b ||||| |||| 00| 0 spa d | ||
| 040 |
_aMUNICIPALIDAD PROVINCIAL DEL CUSCO _cBIBLIOTECA MUNICIPAL DEL CUSCO |
||
| 082 |
_a985.61 / _bA58 |
||
| 100 |
_aAngles Vargas, Víctor _94559 |
||
| 245 |
_aHistoria del Cusco : _bCusco colonial / |
||
| 260 |
_aCusco : _bIndustrial gráfica, _c1983. |
||
| 300 |
_a2 tomos ; _bIlustraciones, _c21 cm. |
||
| 505 | _aContenido: t.2: p.1 -- Los españoles en el Cusco -- La fundación española de la ciudad del Cusco -- Escudos de armas del Cusco y títulos conferidos a ala ciudad -- El virrey don Francisco de Toledo en el Cusco -- t.2: p.2 -- Las universidades en el Cusco colonial -- Los hospitales en el Cusco colonial -- El colegio de San Bernardo -- Los incas de la dinastía de Vilcabamba ... | ||
| 650 |
_aHistoria _9136 |
||
| 650 |
_aCusco _9772 |
||
| 650 |
_aÉpoca colonial _91374 |
||
| 942 |
_2ddc _cLIBROS |
||
| 945 | _aacv | ||